Elecciones y democracia en Nicaragua: una evaluación de las elecciones de febrero de 1990 /

Guardado en:
Bibliografiske detaljer
Hovedforfatter: Booth, John Allan
Format: Texto
Tags: Tilføj Tag
Ingen Tags, Vær først til at tagge denne postø!

MARC

LEADER 00000 a a2200000 04500
001 12721
003
040
100 |a Booth, John Allan  
245 |a Elecciones y democracia en Nicaragua:   |b una evaluación de las elecciones de febrero de 1990 /  |c John Allan Booth 
773 |g número 11; páginas 29-43  
999 |c 23060  |d 23060